Statistiken für Die 20 größten Städte der EU (Stand 2019)

Klicken Sie hier um das Quiz zu spielen!

Allgemein

  • Dieses Quiz wurde 1.283 mal gespielt
  • Das Durchschnittsergebnis liegt bei 19 aus 20

Antwortstatistiken

LandAntwort% Korrekt
DeutschlandBerlin
100%
GroßbritannienLondon
100%
SpanienMadrid
100%
FrankreichParis
100%
ItalienRom
100%
ÖsterreichWien
100%
DeutschlandHamburg
99%
PolenWarschau
99%
SpanienBarcelona
98%
DeutschlandMünchen
98%
TschechienPrag
98%
SchwedenStockholm
97%
UngarnBudapest
96%
RumänienBukarest
95%
DeutschlandKöln
95%
ItalienMailand
94%
BulgarienSofia
92%
ItalienNeapel
85%
ItalienTurin
77%
GroßbritannienBirmingham
70%

Verteilung der Resultate

Perzentil nach korrekt beantworteten Fragen

Anzahl Personen mit jedem Resultat

Ihre Resultats-Entwicklung

Sie haben dieses Quiz noch nicht gespielt